000
00223nam a22000857a 4500
008
160705b xxu||||| |||| 00| 0 eng d
100
_9
2284
_a
Corbeil, J.C
245
_a
Visual Dictionary
260
_a
N.Y
_b
Factson File Pub.
_c
1986
999
_c
1966
_d
1966